The schools of Austria-Hungary / (Record no. 20356)
[ view plain ]
| 000 -LEADER | |
|---|---|
| fixed length control field | 01494cam a22003371a 4500 |
| 001 - CONTROL NUMBER | |
| control field | e 20000303 |
| 003 - CONTROL NUMBER IDENTIFIER | |
| control field | DLC |
| 005 - DATE AND TIME OF LATEST TRANSACTION | |
| control field | 20260227111211.0 |
| 008 - FIXED-LENGTH DATA ELEMENTS--GENERAL INFORMATION | |
| fixed length control field | 860723s1919 dcu f000 0 eng c |
| 010 ## - LIBRARY OF CONGRESS CONTROL NUMBER | |
| LC control number | e 20000303 |
| 035 ## - SYSTEM CONTROL NUMBER | |
| System control number | (OCoLC)13919873 |
| 040 ## - CATALOGING SOURCE | |
| Original cataloging agency | Library, U.S. Office of Education |
| Transcribing agency | ABAU |
| Modifying agency | ABAU |
| -- | DLC |
| 042 ## - AUTHENTICATION CODE | |
| Authentication code | premarc |
| 050 00 - LIBRARY OF CONGRESS CALL NUMBER | |
| Classification number | L111 |
| Item number | .A6 1919, no. 54 |
| 051 ## - LIBRARY OF CONGRESS COPY, ISSUE, OFFPRINT STATEMENT | |
| Classification number | LA672 |
| Item number | .P4 |
| 100 1# - MAIN ENTRY--PERSONAL NAME | |
| Personal name | Pearson, P. H. |
| Fuller form of name | (Peter Henry), |
| Dates associated with a name | 1864-1940. |
| 245 14 - TITLE STATEMENT | |
| Title | The schools of Austria-Hungary / |
| Statement of responsibility, etc. | by Peter H. Pearson. |
| 260 ## - PUBLICATION, DISTRIBUTION, ETC. | |
| Place of publication, distribution, etc. | Washington : |
| Name of publisher, distributor, etc. | G.P.O., |
| Date of publication, distribution, etc. | 1919. |
| 300 ## - PHYSICAL DESCRIPTION | |
| Extent | 31 p. ; |
| Dimensions | 23 cm. |
| 490 1# - SERIES STATEMENT | |
| Series statement | Bulletin / Department of the Interior, Bureau of Education ; |
| Volume/sequential designation | 1919, no. 54 |
| 500 ## - GENERAL NOTE | |
| General note | "Advance sheets from the Biennial survey of education, 1916-1918." |
| 501 ## - WITH NOTE | |
| With note | Copies 1 and 2 of L111.A6 with: Application of commercial advertising methods to university extension / Mary Burchard Orvis. Washington : Govt. Print. Off., 1919. Bound together subsequent to publication. |
| Institution to which field applies | DLC |
| 504 ## - BIBLIOGRAPHY, ETC. NOTE | |
| Bibliography, etc. note | Includes bibliographical references. |
| 530 ## - ADDITIONAL PHYSICAL FORM AVAILABLE NOTE | |
| Additional physical form available note | Also available in digital form on the Internet Archive Web site. |
| 530 ## - ADDITIONAL PHYSICAL FORM AVAILABLE NOTE | |
| Additional physical form available note | Also available in digital form on the Internet Archive Web site. |
| 650 #0 - SUBJECT ADDED ENTRY--TOPICAL TERM | |
| Topical term or geographic name entry element | Education |
| Geographic subdivision | Austria. |
| 650 #0 - SUBJECT ADDED ENTRY--TOPICAL TERM | |
| Topical term or geographic name entry element | Education |
| Geographic subdivision | Hungary. |
| 830 #0 - SERIES ADDED ENTRY--UNIFORM TITLE | |
| Uniform title | Bulletin (United States. Bureau of Education) ; |
| Volume/sequential designation | 1919, no. 54 |
| 856 41 - ELECTRONIC LOCATION AND ACCESS | |
| Uniform Resource Identifier | <a href="http://hdl.loc.gov/loc.gdc/scd0001.00215024891">http://hdl.loc.gov/loc.gdc/scd0001.00215024891</a> |
| 856 41 - ELECTRONIC LOCATION AND ACCESS | |
| Uniform Resource Identifier | <a href="http://hdl.loc.gov/loc.gdc/scd0001.00215024891">http://hdl.loc.gov/loc.gdc/scd0001.00215024891</a> |
No items available.